[Event "Magas m"]
[Site "Magas"]
[Date "2016.07.20"]
[Round "6"]
[White "Gelfand, Boris"]
[Black "Inarkiev, Ernesto"]
[Result "1-0"]
[WhiteElo "2734"]
[BlackElo "2730"]
[Annotator "Gelfand,B"]
[PlyCount "65"]
[EventDate "2016.07.13"]
[EventType "match"]
[EventRounds "6"]
[EventCountry "RUS"]
[SourceTitle "CBM 174"]
[Source "ChessBase"]
[SourceDate "2016.09.13"]
[SourceVersion "1"]
[SourceVersionDate "2016.09.13"]
[SourceQuality "1"]

{I was glad to be invited to play a match against current European champion
Ernesto Inarkiev in Magas, capital of Republic of Ingushetia in the south of
Russia. Ernesto showed excellent form recently, which readers of CBM 173 could
witness. The match was excellently organized. It consisted of 6 classical and
6 rapid games. I was leading 3-2 in the classical part and was sure that
Ernesto would try to equalize the score in the last game.} 1. d4 Nf6 2. c4 e6
3. Nf3 b6 4. g3 Ba6 {Normally Inarkiev plays 4...Bb7, but as I said he was
looking for a more complicated game.} 5. b3 d5 6. Bg2 Bb4+ 7. Bd2 Be7 8. cxd5
exd5 9. O-O O-O 10. Nc3 Re8 {This is the main tabiya of this system. I have
some expierence with both colours. Sergey Karjakin had used it with big
success in the latest Candidates tournament.} 11. Ne5 Bb7 12. Bc1 {This is a
side line system, but pretty playable.} Nbd7 13. Bb2 Bd6 (13... Bf8 {is an
alternative. It would transpose to a game from Botvinnik-Bronshtein WCh match!
For the curious readers I have included some more games in my annotations,
both modern and classical ones.} 14. f4 (14. Rc1 Nxe5 15. dxe5 Rxe5 16. Nb5 Re7
17. Bxf6 gxf6 18. e4 dxe4 19. Qg4+ Bg7 20. Rfd1 Qf8 21. Nd4 Bc8 22. Qh4 f5 23.
Nc6 Re8 24. Bh3 Bh6 25. Rc2 e3 {0-1 (39) Botvinnik,M-Bronstein,D Moscow 1951})
14... c5 15. e3 cxd4 16. exd4 Ne4 17. Nxe4 dxe4 18. Qe2 Nf6 19. g4 a5 (19...
Nd5 20. Bxe4 f6 21. Qd3 g6 22. Bxg6 Re7 23. Nf7 Rxf7 24. Bxf7+ Kxf7 25. Qxh7+
Bg7 26. g5 Qd6 27. g6+ Kf8 28. Rae1 Nb4 $13 {0-1 (43) Evans,L (2545)-Larsen,B 
(2625) San Antonio 1972}) 20. g5 Ba6 21. Qe3 Bxf1 22. Rxf1 Nd7 23. Bxe4 Nxe5
24. fxe5 Rc8 25. Bd3 Re7 26. Qe4 $44 {1/2 (48) Anton Guijarro,D (2639)
-Harikrishna,P (2755) Caleta ENG 2016}) 14. f4 c5 (14... Ne4 {led to an
impressive victory of 6th World Champion. However it can hardly be attributed
to an opening success:} 15. Nxe4 dxe4 16. e3 Nf6 17. a3 c5 18. Qe2 cxd4 19.
Bxd4 Qe7 20. b4 a5 21. b5 Bxe5 22. Bxe5 Nd7 23. Bd4 Nc5 24. f5 Nd7 25. f6 Qe6
26. Qh5 Ne5 27. Rf5 Ng6 28. fxg7 Rad8 29. Qxh7+ {1-0 (27) Botvinnik,M-Padevsky,
N Monte Carlo 1968}) 15. e3 {Black has many plans here and no doubt it would
be tried in further games. My opponent went for the most straightforward one.}
cxd4 16. exd4 Bb4 17. Rc1 Bxc3 18. Rxc3 {I decided to take with a rook, as I
was not impressed by the following line:} (18. Bxc3 Ne4 19. Qh5 Nxe5 20. fxe5
Qe7) 18... Ne4 19. Rc2 {I do believe that has more point to have a rook here
rather than on c1, as they can be doubled. The rook can also join an attack on
the second row.} Nf8 $2 {A grave mistake, which allows White to start a mating
attack. Black had 2 options in his disposal:} (19... f6 {was the most natural
choice in my opinion. Now White has many options:} {There is an interesting
option, but it is hard to to be sure without a computer help:} 20. Bxe4 ({
Probably my opponent has rejected it because of} 20. Nc6 Bxc6 21. Rxc6 f5 22.
Qh5 (22. Qd3 Ndf6 $13) 22... g6 {and White has an option to take a draw:} (
22... Nb8 23. Rd6 $1 {is a cute line} ({or} 23. Rc7 $1)) 23. Rxg6+ hxg6 24.
Qxg6+) (20. Nd3 f5 21. Ne5 {is possible with a long game, where White's
chances are slightly more preferable.}) 20... dxe4 {leaves White with slightly
better chances:} (20... fxe5 21. Bxd5+ $1 (21. Bxh7+ Kxh7 22. fxe5 Kg8) 21...
Bxd5 22. dxe5 Be4 (22... Nc5 23. Rd2) 23. Rd2 Bc6 24. Rd6 Qc7 25. Qd4 {and it
seems that Black are not in time to double their pieces on long diagonal.} Rac8
26. Rc1 Nc5 27. b4 Ba8 28. bxc5 bxc5 29. Qa4 $1 Qb7 $140 30. Qb3+) 21. Nc4 e3 (
21... Nf8 22. Ba3 (22. Ne3 Ba6 23. Re1 Ne6 $13) 22... Qd7 23. Nd6 Re6 24. Nxb7
Qxb7 25. d5 $14) 22. Nd6 Qe7 23. Nxe8 Qe4 24. Qf3 $14) (19... Ndf6 {was a
reasonable plan, with the idea to put knights on d6 and e4:} 20. Qd3 (20. g4
Nd6) 20... Nd6 21. Rfc1 Rc8 22. Rxc8 Bxc8 23. Ba3 {would lead to a complicated
game. Probably White is slightly better.}) 20. Qh5 {Suddenly it is not easy to
protect the f7-pawn.} g6 (20... Nd6 21. f5 f6 22. Nc6 {was probably the lesser
evil, but still White has a huge advantage}) (20... Re7 21. Ba3 Rc7 22. Rxc7
Qxc7 23. Rc1) (20... Qe7 21. Ba3) 21. Qh6 {Suddenly White has a mating attack.}
f6 ({In case of} 21... Nd6 22. g4 f6 {I would have to find} 23. f5 $1 (23. Nc6
$2 {allows} Qd7 $1 24. Bxd5+ Nf7 {and Black is doing fine}) 23... fxe5 24. f6
Qd7 25. dxe5 {with an easy win. Taking into account that I found a similiar
idea on move 23 I hope I would be able to find it here as well.}) 22. Bxe4 fxe5
(22... dxe4 23. Ng4 {is also bad} Rc8 (23... e3 24. d5 $1) (23... Bd5 24. f5)
24. Rxc8 (24. d5 Rxc2 25. Nxf6+ Kf7 26. f5 $1) 24... Bxc8 25. f5 $1 Bxf5 26.
Rxf5 gxf5 27. Nxf6+ Kf7 {and now the most stylish is} 28. d5 $1) 23. f5 $1 {
The pawn joins the attack and Black is hopeless.} ({The computer shows as the
most convincing the following line:} 23. Bxg6 $1 hxg6 24. f5) 23... Re7 (23...
dxe4 24. f6) 24. Bg2 e4 25. Ba3 Rf7 (25... Rg7 26. Bh3) 26. fxg6 (26. Rcf2 {
was also winning.}) 26... Rxf1+ 27. Bxf1 Nxg6 28. Rf2 ({The computer says it
was also possible to win by} 28. Bh3 Bc8 29. Rc6 $3 {, but I missed that move.}
) 28... Qd7 ({I considered} 28... Rc8 {to be the most stubborn:} 29. Bh3 Rc6
30. Bf5 Rf6 {Still white is winning easily after for example} 31. h4) 29. Bh3
Qc6 30. Be7 $1 {A nice way to add the bishop to the attack. The f6-square is
critical.} e3 (30... Nxe7 31. Be6+) 31. Rf6 Qc1+ ({I was hoping for a nice
mate:} 31... e2 32. Be6+ Kh8 33. Rf8+ $1 Rxf8 34. Qxf8+ $1 Nxf8 35. Bf6#) 32.
Rf1 Qc6 33. Bf6 1-0

[Event "Hoogovens"]
[Site "Wijk aan Zee"]
[Date "1998.01.26"]
[Round "9"]
[White "Timman, Jan H"]
[Black "Gelfand, Boris"]
[Result "1/2-1/2"]
[WhiteElo "2635"]
[BlackElo "2675"]
[Annotator "Gelfand,B"]
[PlyCount "65"]
[EventDate "1998.01.16"]
[EventType "tourn"]
[EventRounds "13"]
[EventCountry "NED"]
[EventCategory "17"]
[SourceTitle "CBM 063"]
[Source "ChessBase"]
[SourceDate "1998.03.26"]
[SourceVersion "1"]
[SourceVersionDate "1998.03.26"]
[SourceQuality "1"]

1. d4 {Avrukh,B Tyomkin,D} Nf6 2. c4 e6 3. Nf3 b6 4. g3 Ba6 5. Nbd2 d5 6. Bg2
Be7 7. O-O O-O 8. b3 Nbd7 (8... c5 9. dxc5 Bxc5 10. Bb2 Nbd7 11. Rc1 Bb7 12.
Nd4 Rc8 13. Nb5 Qe7 14. cxd5 Nxd5 15. Ne4 Rfd8 16. Nxc5 Nxc5 17. Qd4 Nf6 {
0.5,Piket-Karpov/Hoogovens/1998/}) 9. Bb2 c5 10. Ne5 (10. Rc1 {Avrukh,B Avrukh,
B} Rc8 11. Re1 Bb7 12. Rc2 dxc4 13. Nxc4 b5 14. Ncd2 {1/2-1/2 Adorjan,
A-Kurajica,B/EU-chT Debrecen HU1-BNH 1992}) 10... Rc8 (10... Bb7 11. cxd5 Nxd5
12. Ndc4 cxd4 13. Nxd7 Qxd7 14. Qxd4 Bf6 15. Qd2 Rfd8 {
Dzindzihashvili-Polugaevsky,71,12/569,USSR.}) 11. Nxd7 $146 (11. cxd5 Nxd5 12.
Nxd7 Qxd7 13. dxc5 Rfd8 14. Nc4 (14. cxb6 {Avrukh,B} Nxb6 15. Nf3 Qxd1 16.
Rfxd1 Bxe2) 14... Bxc5 15. e4 Bxc4 16. bxc4 Nb4 17. Qg4 Bf8 (17... Bd4 $2 {
Avrukh,B} 18. Rfd1 Rxc4 (18... e5 19. Qxd7 Rxd7 20. Bh3 $16) 19. Bf1) 18. Bf6
Re8 19. Rad1 Qc7 20. a3 Nc2 21. e5 Kh8 22. Be4 gxf6 23. Qh5 h6 24. Bxc2 fxe5
25. Rd2 Red8 26. Rfd1 Kg8 27. Qg4+ Bg7 28. Qe4 Rxd2 29. Rxd2 f5 30. Qh4 Qxc4
31. Bd1 e4 32. Rc2 Qa6 33. Qe7 Rxc2 34. Qxe6+ Kh8 35. Bxc2 Qxa3 36. Bb3 Qf8 37.
g4 fxg4 38. Qxe4 b5 39. Bc2 Qg8 40. Qd3 {1/2-1/2 Rodriguez,O-Ribli,Z/Surakarta/
Denpasar (11) ;MCD-r8 1982}) 11... Qxd7 12. dxc5 Rxc5 (12... bxc5 13. e4 $1 $14
) 13. cxd5 exd5 $1 $11 (13... Nxd5 14. Ne4 Rc7 (14... Rcc8 {Avrukh,B} 15. Nc3 (
15. Qd4 f6) 15... Rfd8 16. Nxd5 (16. Bxd5) 16... exd5 17. Bd4 Bc5 $132) 15. Qd4
Nf6 (15... f6 16. Bh3 $5 {/\Ng5}) 16. Qe5 Rc2 17. Rfd1 $36) 14. Nf3 $6 (14. Bd4
Rc7 15. Be5 Rc6 16. Nf3 Ne4 17. Nd4 Nc3 18. Qd2 Rcc8 19. a3 $11 (19. Rfc1 Bb4
20. Kh1 Nxe2)) 14... Rfc8 15. Ne1 (15. Ne5 Qf5 16. Nd3 Rc2) (15. Nd4 Ne4) 15...
Qf5 $6 {Avrukh: Black achived an initiative which more than enough compensates
weekness of the pawn structure(isolated pawn on-d5).} (15... Qe6 $1 16. Bf3 (
16. Nd3 Rc2 17. Nf4 Bxe2 $17) 16... Ne4 17. Bd4 (17. Nd3 Rc2 18. Nf4 Qd6 19.
Qxd5 $140 Nd2 20. Be5 Nxf3+ (20... Qh6 21. Bh5 (21. Be4 Nxf1 22. Bxc2 Qxh2+ 23.
Kxf1 Rxc2 $17) 21... g6 22. Qd7) 21. exf3 Qxd5 22. Nxd5 Bc5 23. b4 $140 Bxf1
24. bxc5 R8xc5 $19) 17... Nc3 (17... R5c7 18. Nd3 (18. Ng2 Ng5 19. Nf4 Nxf3+
20. exf3 Qf5 21. Re1 Bd6 $17) 18... Rc2 (18... Bd6 19. Rc1) 19. Nf4 Qf5 20. Be3
$1 Nc3 (20... Bb7 21. Rc1) 21. Nxd5 Nxd5 22. Qxd5 Qxd5 23. Bxd5 Bxe2 24. Rfc1
$11) (17... Bf6 18. Ng2 (18. Bxf6 Qxf6) (18. Bxc5 Nc3 $19) 18... Bxd4 19. Qxd4
Ng5 20. Nf4 Nxf3+ 21. exf3 $11) 18. Bxc3 Rxc3 19. Nd3 g5 $1 (19... Qf5 20. Nf4
Rxf3 21. exf3 Bxf1 22. Kxf1 Rd8 23. Qd3 $11) 20. a3 (20. Re1 d4 (20... g4 $140
21. Nf4)) 20... g4 (20... Rc2 21. Nb4 $15) 21. Bg2 (21. Nf4 gxf3 22. Nxe6 fxe2
$19) 21... Bg5 (21... Bd6 22. Qd2) 22. Re1 Bxd3 (22... Rc2 23. Nb4 Rd2 24. Qb1
Bxe2 25. Bxd5 Qf6 $15) 23. exd3 Qf5 24. Bf1 Kg7 $15) 16. Bd4 R5c7 17. Nd3 Bd6 {
Avrukh: Interesting pawn sacrifice.Black gets for the pawn ^^ and some entries
for his pieces via black squares.} (17... Rc2 18. a4 $1 (18. Nf4 g5 19. Bh3 g4
20. Bg2 Ne4 $17 21. f3 gxf3 22. Bxf3 Nd2 23. Rf2 Ba3) (18. Nf4 $1 {Avrukh,B})
18... Ne4 (18... Qg4 19. Nf4 Bxe2 20. Nxe2 Qxe2 21. Qxe2 Rxe2 22. Rac1 $11) 19.
a5 $13 Bb5 (19... Nd2 20. axb6 Bxd3 21. bxa7 $18) (19... b5 20. b4 Nd2 21. Bc5)
20. axb6 axb6 21. Ra8 $5 (21. Bxb6 Qf6 $13) 21... Rd2 22. Rxc8+ Qxc8 23. Qa1
$11 Bxd3 24. exd3 Rxd3 25. Bxg7 $13) (17... Ne4 {Avrukh,B} 18. Nf4 {[%cal
Rg2h3]}) 18. Bxf6 Qxf6 (18... gxf6 19. Rc1 (19. Qd2 d4 20. Rac1 Rc3) 19... Rc3
20. Rxc3 Rxc3 21. Qd2 d4 22. Rd1 $13) 19. Bxd5 Qd4 20. Bf3 (20. Nf4 Qxd1 21.
Rfxd1 Be5 22. Rab1 Bxf4 23. gxf4 Bxe2 $15) 20... Rc2 21. a3 $1 $11 Be7 (21...
Bxd3 22. Qxd3 Qxd3 23. exd3 Be5 24. d4 Bxd4 25. Rad1 Rd8 26. Kg2 $11) 22. Nb4
Rd2 23. Qe1 Bb5 24. Nd5 (24. Rc1 Rxc1 (24... Rd8 25. Nc6 $11 (25. Rc7 Bxb4 26.
axb4 Qxb4 27. Bd5 $2 Bxe2)) (24... Rd8 $1 {Avrukh,B}) 25. Qxc1 Bxb4 26. axb4 g6
$11 (26... Qxb4 27. Qc7)) (24. e3 $2 {Avrukh,B} Qd6) (24. Rd1 $5 {Avrukh,B}
Bxb4 25. axb4 Rcc2 26. Rxd2 Rxd2 27. Qa1 Qxa1 28. Rxa1 Bxe2 29. Bxe2 (29. Re1
Bb5) 29... Rxe2 30. Rxa7 g6 31. Rb7 {White has winning some winning chances.})
24... Bf8 25. Rd1 (25. a4 Bxe2 $11) 25... Rxd1 26. Qxd1 Qxd1 27. Rxd1 Bxa3 28.
Ra1 (28. Kg2 Bc5 (28... Bf8 29. Ra1 a6 30. Nxb6 Rc3 31. Rb1 $16) (28... Rc1 29.
Rd2 $1 {[%cal Gd2a2]} Rb1 30. Rc2 g6 31. Rc7 $16) 29. b4 Bf8 30. Ra1 Rd8 (30...
a6 31. Nxb6 Rd8) 31. Rxa7 Bxe2 $11 (31... Bxe2 $1 {Avrukh,B} 32. Bxe2 Rxd5 33.
Bc4 Rf5)) 28... Rc1+ 29. Rxc1 Bxc1 30. Ne7+ Kf8 31. Nc8 Bd7 32. Nxa7 Ke7 33. b4
1/2-1/2

[Event "FIDE-Wch k.o."]
[Site "New Delhi/Teheran"]
[Date "2000.12.04"]
[Round "3.2"]
[White "Piket, Jeroen"]
[Black "Gelfand, Boris"]
[Result "1/2-1/2"]
[WhiteElo "2649"]
[BlackElo "2681"]
[Annotator "Gelfand,B"]
[PlyCount "87"]
[EventDate "2000.11.27"]
[EventType "k.o."]
[EventRounds "7"]
[EventCountry "IND"]
[SourceTitle "CBM 080"]
[Source "ChessBase"]
[SourceDate "2001.01.25"]
[SourceVersion "1"]
[SourceVersionDate "2001.01.25"]
[SourceQuality "1"]

1. d4 Nf6 2. c4 e6 3. Nf3 b6 4. g3 Ba6 5. b3 Bb4+ 6. Bd2 Be7 7. Nc3 O-O 8. e4
d5 9. cxd5 Bxf1 10. Kxf1 exd5 11. e5 Ne4 12. Kg2 Qd7 13. Rc1 Nc6 14. Qe2 Nxd2
$146 (14... f5 {Sutkus,R} 15. Qb5 Nxd2 16. Nxd2 Ba3 17. Rc2 f4 $1 18. Ncb1 (18.
Ne2 {Sutkus,R} f3+ 19. Nxf3 Rxf3 $1) 18... Bc5 $1 19. dxc5 a6 $1 20. Qe2 (20.
Qd3 {Sutkus,R} Nxe5) 20... Nd4 (20... Rae8 {Sutkus,R} 21. Nf3) 21. Qd3 f3+ $1 (
21... Nxc2 {Sutkus,R} 22. Qxc2 Qf7 23. f3) 22. Nxf3 Nxf3 23. cxb6 (23. Re2 {
Sutkus,R} bxc5) 23... Nxe5 (23... cxb6 {Sutkus,R} 24. Re2 Rae8 25. Rd1 Qg4 26.
Nd2) 24. Qe2 Nf3 (24... Nc6 {Sutkus,R} 25. Rd1 cxb6 26. Nc3) (24... Rae8 {
Sutkus,R} 25. bxc7 Ng4 26. c8=Q $1) (24... Ng4 {Sutkus,R} 25. Rxc7 Qf5 26. Re7)
25. Rxc7 (25. bxc7 {Sutkus,R} Qg4 26. c8=Q Raxc8 27. Rxc8 Nh4+ 28. Kf1 Qh3+ 29.
Ke1 Rxc8 $19) 25... Qg4 26. Nd2 $1 Rae8 27. Qxf3 $3 Rxf3 28. Nxf3 Rf8 29. Rc3
$1 d4 30. Rd3 Qe4 31. Rhd1 g5 32. h3 h5 33. Kg1 $3 Rxf3 34. Rxf3 Qxf3 35. Rxd4
Qc6 36. Rb4 Qc5 37. Ra4 Qxb6 38. h4 g4 {1/2-1/2 Sutkus,R-Engel,K/corr 1988/Inf
54/[Sutkus,R] (38)}) (14... Nxc3 15. Bxc3 Nd8) 15. Qxd2 Nd8 16. Ne2 Ne6 17.
Rhd1 Rfd8 (17... Rad8) 18. Nfg1 (18. Nf4 c5) 18... c5 19. f4 f5 20. Nf3 Rac8
21. Qd3 g6 22. h3 (22. Nc3 Qb7) 22... Rc7 23. Rc2 Qc8 (23... b5 24. dxc5 Nxc5
25. Qe3 $14 b4 (25... Ne4 26. Rxc7 Qxc7 27. Nfd4) 26. Nfd4) 24. Rdc1 Qd7 25.
Kh2 (25. g4 fxg4 26. hxg4 Nxf4+) 25... Rdc8 26. dxc5 $6 (26. g4 $1 Ng7 27. Kg3
Qe6 $14) 26... bxc5 (26... Rxc5 27. Ned4 Rxc2+ 28. Rxc2 Rxc2+ 29. Qxc2 Bc5 30.
Nxe6 Qxe6 31. Kg2 $14) 27. Nc3 c4 $1 (27... d4 28. Nb5 Rc6 29. Na3 $14) 28.
Qxd5 (28. bxc4 Rxc4 29. Nd2 Rd4) 28... cxb3 29. Qxb3 (29. Qxd7 Rxd7 30. axb3
Rdc7) (29. Rd2 Qxd5 30. Nxd5 Rxc1 31. Nxe7+ Kf8 32. Nxc8 Rxc8 33. axb3 Rc3 $11)
29... Rb7 30. Ne2 (30. Rd1 Rxb3 31. Rxd7 Rbxc3 32. Rxc3 Rxc3 33. Rxe7 Rxf3 34.
Rxe6 Rf2+ $11) 30... Rxb3 (30... Bc5 31. Qc3 Bg1+ 32. Kxg1 Rxc3 33. Nxc3 Qd3
34. Kf2 $13) 31. Rxc8+ Kf7 32. axb3 Qd3 33. Neg1 Qxb3 $15 34. R8c3 Qb6 35. Kg2
a5 36. Ne2 a4 37. R1c2 Qb7 38. Kh2 a3 39. Nc1 h6 40. h4 Qe4 41. Nd2 Qe1 42. Nf3
Qe4 (42... Qf1 43. Nb3 Bb4 44. Rc4) 43. Nd2 Qe1 44. Nf3 1/2-1/2

[Event "Linares 08th"]
[Site "Linares"]
[Date "1990.??.??"]
[Round "11"]
[White "Ivanchuk, Vassily"]
[Black "Gelfand, Boris"]
[Result "1/2-1/2"]
[WhiteElo "2665"]
[BlackElo "2615"]
[Annotator "Gelfand,B"]
[PlyCount "54"]
[EventDate "1990.02.??"]
[EventType "tourn"]
[EventRounds "11"]
[EventCountry "ESP"]
[EventCategory "16"]
[SourceTitle "CBM 017"]
[Source "ChessBase"]
[SourceDate "1990.08.01"]
[SourceVersion "1"]
[SourceVersionDate "1990.08.01"]
[SourceQuality "1"]

1. d4 {Boris Gelfand} Nf6 2. c4 e6 3. Nf3 b6 4. g3 Ba6 5. b3 d5 6. Bg2 dxc4 7.
bxc4 $5 {N} (7. Ne5 Bb4+ 8. Kf1 Nfd7 9. Nxc4 c6 {Karpov,A-Timman,J/
Kuala-Lumpur/1990/1-0}) 7... Bxc4 8. O-O Bd5 9. Nc3 Bb7 10. Qa4+ Bc6 11. Qb3
Be7 12. e4 Bb7 13. Re1 Nbd7 14. Bf4 O-O 15. Rad1 c6 16. Nd2 $6 (16. Bh3 $5 $146
) 16... b5 17. Nc4 bxc4 (17... Ba6 $13) 18. Qxb7 Qb6 19. Rb1 Qa5 20. Rec1 Ba3
21. Bc7 $1 Nb6 22. Rc2 Bb4 23. Nd1 Qa4 24. Rbc1 $1 Ba3 25. Nc3 Qa5 26. Rb1 Bb4
27. Nd1 Qa4 {Boris Gelfand} 1/2-1/2

[Event "ESP-chT Honor Gp1 49th"]
[Site "Merida"]
[Date "2005.08.24"]
[Round "1"]
[White "Gelfand, Boris"]
[Black "Macieja, Bartlomiej"]
[Result "1-0"]
[WhiteElo "2724"]
[BlackElo "2593"]
[Annotator "Gelfand,B"]
[PlyCount "45"]
[EventDate "2005.08.24"]
[EventType "team"]
[EventRounds "5"]
[EventCountry "ESP"]
[SourceTitle "CBM 109"]
[Source "ChessBase"]
[SourceDate "2005.11.14"]
[SourceVersion "1"]
[SourceVersionDate "2005.11.14"]
[SourceQuality "1"]

1. d4 {Gershon,A} Nf6 2. c4 e6 3. Nf3 b6 4. g3 Ba6 5. b3 Bb4+ 6. Bd2 Be7 7. Nc3
{Gershon,A: 'This move is becoming more and more popular recently, as white's
resources in the main lines (Bg2 followed by Bc3) are getting exhausted.'} (7.
Bg2 {Gershon,A} c6 8. Bc3 d5 9. Ne5 Nfd7 10. Nxd7 Nxd7 11. Nd2 O-O 12. O-O Rc8
13. e4 c5 14. exd5 exd5 15. dxc5 dxc4 16. c6 cxb3 17. Re1 b2 18. Bxb2 Nc5 19.
Nc4 Bxc4 20. Qg4 Bg5 21. Qxc4 Nd3 22. Be5 ({Topalov in his game vs. Anand in
the World Championships tournament continued} 22. Ba3 Nxe1 23. Rxe1 Re8 {
and after} 24. Rxe8+ $1 Qxe8 25. Bd5 h5 $6 26. Kg2 Be7 27. Bb2 Bf6 28. Bc1 Qe7
29. Be3 Rc7 30. h4 $1 {1/2-1/2 Topalov,V-Anand,V/San Luis ARG 2005 (97) siezed
a very strong initiative. Perhaps this will revive the popularity of main
lines for white.}) 22... Nxe1 23. Rxe1 Bf6 24. Bxf6 Qxf6 25. c7 Qd6 26. Rc1 {
1/2-1/2 Bacrot,E-Lutz,C/Gothenburg SWE 2005/The Week in Chess 561 (45) is
usually only enough for a draw.}) 7... O-O 8. Rc1 ({Another possible move is} 
8. Qc2 {Gershon,A and recently} c5 {seems to be an interesting approach for
black:} 9. d5 exd5 10. cxd5 b5 11. Rd1 b4 12. Na4 Re8 13. d6 Bxd6 14. Bxb4 cxb4
15. Rxd6 Ne4 16. Rd4 Ng5 $1 {and black got a strong initiative in 0-1
Beliavsky,A-Volokitin,A/Igualada ESP 2005/The Week in Chess 563 (34)}) 8... d5
(8... Ba3 9. Rc2 Bb7 10. Bg2 Ne4 11. O-O Nxd2 12. Rxd2 $14 {Gelfand,B-Ivanchuk,
V/Merida ESP 2005}) 9. cxd5 Nxd5 (9... exd5 {Gershon,A} 10. Bg2 Bb7 11. O-O
Nbd7 12. Qc2 Re8 13. Bf4 c6 14. Rcd1 Nh5 15. Kh1 Bb4 16. e3 $14 {1-0 Aronian,
L-Huzman,A/Warsaw POL 2005/The Week in Chess 555 (60)}) 10. Bg2 (10. Nxd5 {
Gershon,A} exd5 11. Bg2 Re8 12. Rc2 Bd6 13. Bg5 Bb4+ 14. Kf1 f6 15. Bf4 Nd7 16.
Ne1 c6 17. Nd3 Bxd3 18. Qxd3 Rc8 19. Bh3 $14 {0-1 Topalov,V-Polgar,J/Wijk aan
Zee NED 2005/The Week in Chess 534 (53)}) 10... Bb7 (10... Nxc3 11. Bxc3 Bb7
12. Qc2 Nd7 13. O-O Nf6 14. Bb2 Rc8 15. Rfd1 Qe8 16. Ne5 Bxg2 17. Kxg2 c5 18.
Qd3 cxd4 19. Bxd4 Ba3 20. Rc4 Rxc4 21. Nxc4 Be7 22. Qf3 Qc8 {Ftacnik,
L-Efimenko,Z/Warsaw POL 2005}) 11. O-O $5 $146 (11. Nxd5 Bxd5 12. Qc2 Nc6 13.
e4 Nb4 14. Qb1 Bb7 15. O-O c5 16. Bxb4 cxb4 17. Rfd1 Rc8 18. Rxc8 Qxc8 19. Ne5
Qc7 20. Nc4 Rd8 $11 {Carlsen,M-Efimenko,Z/Warsaw POL 2005}) 11... Nd7 (11... c5
12. dxc5 Bxc5 13. Qc2 $14) (11... Nxc3 {Gershon,A was perhaps more precise} 12.
Bxc3 Nd7 {and black doesn't seem to have problems, like in Ftacnik - Efimenko.}
) 12. Qc2 c5 {'?' Gershon,A. Gershon,A: 'Too early. Black is not yet ready to
open the center.'} (12... Rc8 13. Nxd5 Bxd5 14. e4 Bb7 15. Rfd1 $14 Nf6 $140
16. Ng5) (12... Nxc3 {Gershon,A} 13. Qxc3 Rc8 14. Rfd1 c5 15. Qb2 Bf6 16. Bc3
Qe7 {with equality}) 13. Rfd1 Rc8 (13... cxd4 14. Nxd5 (14. Nxd4 $5) 14... Bxd5
15. Nxd4 Rc8 (15... Bxg2 16. Kxg2 Ba3 $5 {Notkin,M}) 16. Qxc8 Qxc8 17. Rxc8
Rxc8 18. Bxd5 exd5 19. Nf5 Kf8 20. e4 $1 (20. Bf4 Nf6) 20... dxe4 21. Bh6 $36)
({Here} 13... Nxc3 {Gershon,A already doesn't give black equality:} 14. Bxc3
Qe8 15. Qb2 {an white has an unpleasant pressure.}) 14. Nxd5 (14. Qb2 N5f6)
14... Bxd5 (14... exd5 $142 $14 15. Qf5 $1 {Gershon,A and the white pieces are
ideally placed to attack black's hanging pawns.}) 15. e4 Bb7 16. d5 exd5 (16...
Nf6 {Gershon,A} 17. Ng5 $1 h6 18. d6 (18. Nxf7 Rxf7 19. dxe6 Rf8 20. Bf4 Qe8
21. e5 Bxg2 22. exf6 Bxf6 23. Kxg2 Qxe6 $11) 18... Bxd6 19. Bf4 hxg5 20. Bxd6
Re8 21. Qe2 $1 {with big advantage for white}) 17. exd5 Qc7 (17... Bxd5 18. Bf4
Be6 (18... Bxf3 19. Bxf3 Qe8 20. Re1 $18) 19. Ne5 Qe8 20. Nc6 $16) (17... Nf6
18. Ne5 $16 Bxd5 $140 $2 (18... Nxd5 $140 $2 19. Bc3 (19. Bf4 $18) 19... Bf6
20. Rxd5 Bxd5 21. Rd1 $18) 19. Bf4) (17... Re8 18. d6 Bf6 19. Ng5 Bxg5 20. Bxb7
$16) (17... c4 $1 18. Nd4 (18. bxc4 Bxd5 19. Bc3 Bxf3 20. Bxf3 Qc7) (18. d6 $5
cxb3 19. Qf5 Rxc1 20. Bxc1 Bf6 21. axb3 Re8 $132) 18... cxb3 19. Qxb3 $14) (
17... Bd6 18. Ng5 g6 19. Ne4 $14 {Notkin,M}) (17... Bf6 18. d6 $16) 18. Nd4 $1
(18. d6 $6 Bxd6 19. Ng5 g6) (18. Bf4 Bd6 19. Ng5 Nf6 $11) 18... Bd6 (18... Bf6
19. Nc6 $16 {Notkin,M} (19. Nf5 $5)) (18... g6 19. d6 Bxd6 20. Nb5 $18) (18...
a6 19. Bf4 Bd6 20. Ne6 fxe6 21. Bxd6 Qxd6 22. dxe6 $18) 19. Nb5 Qb8 20. Qf5 Ne5
$2 (20... Nf6 $142 21. Bc3 Ne8 22. Re1 $16) (20... Rcd8 21. Bg5) 21. Bf4 $18
Rce8 (21... Rfe8 22. Re1 f6 23. Be4 h6 24. Bxh6) 22. Be4 g6 23. Qf6 1-0